000 00515nam a2200205Ia 4500
003 0100
005 20140319020004.0
008 130303s9999 xx 000 0 und d
020 _a1886670099
040 _cARRUPELIB
050 _aBT102.B651996
100 _aJules M. Brady
_98462
245 _aNew Approaches to God
260 _aMassachusetts
260 _bGenesis Publishing co.
300 _a136p. 21cm
650 _aKant, Immanuel
_98463
700 _aJules M. Brady
_98464
942 _2lcc
_cMONOGRAPH
_01
999 _c7638
_d7638